[Event "30th NATO Chess-ch 2019"]
[Site "Berlin"]
[Date "2019.09.17"]
[Round "3.17"]
[White "Keough, Robert"]
[Black "Violini, Paolo"]
[Result "0-1"]
[WhiteElo "2108"]
[BlackElo "1963"]
[Annotator "NA"]
[PlyCount "96"]
[EventDate "2019.09.16"]
[EventType "swiss"]
[EventCountry "GER"]
[SourceTitle "playchess.com"]
[Source "ChessBase"]
[SourceQuality "1"]
[TimeControl "40/7200:1800"]

1. e4 {[%emt 2:00:00]} e6 {[%emt 1:56:15]} 2. d4 {[%emt 1:59:54]} d5 {[%emt 1:56:09]} 3. Nc3 {[%emt 1:59:51]} Bb4 {[%emt 1:56:02]} 4. e5 {[%emt 1:56:02]} c5 {[%emt 1:55:59]} 5. Qg4 {[%emt 1:59:40]} Ne7 {[%emt 1:59:40]} 6. dxc5 {[%emt 1:58:11]} Bxc3+ {[%emt 1:49:42]} 7. bxc3 {[%emt 1:49:42]} Ng6 {[%emt 1:46:36]} 8. Bd3 {[%emt 1:46:36]} Nc6 {[%emt 1:44:37]} 9. Nf3 {[%emt 1:54:09]} Qc7 {[%emt 1:39:09]} 10. O-O {[%emt 1:50:29]} Ncxe5 {[%emt 1:35:39]} 11. Nxe5 {[%emt 1:35:39]} Qxe5 {[%emt 1:35:22]} 12. Bb5+ {[%emt 1:35:22]} Bd7 {[%emt 1:34:27]} 13. Bxd7+ {[%emt 1:34:27]} Kxd7 {[%emt 1:34:23]} 14. Qa4+ {[%emt 1:38:36]} Ke7 {[%emt 1:38:36]} 15. c6 {[%emt 1:35:55]} bxc6 {[%emt 1:17:46]} 16. Ba3+ {[%emt 1:34:41]} Kf6 {[%emt 1:34:41]} 17. Bc5 {[%emt 1:29:44]} Qc7 {[%emt 1:17:07]} 18. f4 {[%emt 1:25:14]} Ne7 {[%emt 1:16:35]} 19. Rf3 {[%emt 1:16:35]} h5 {[%emt 1:19:03]} 20. Bd4+ {[%emt 1:11:26]} Kf5 {[%emt 1:14:13]} 21. Bxg7 {[%emt 1:14:13]} Rhg8 {[%emt 1:13:24]} 22. Rg3 {[%emt 1:00:30]} f6 {[%emt 1:11:14]} 23. Qd4 {[%emt 1:11:14]} Qb6 {[%emt 1:11:01]} 24. Bxf6 {[%emt 0:41:45]} Qxd4+ {[%emt 1:10:16]} 25. Bxd4 {[%emt 1:10:16]} Rxg3 {[%emt 0:41:38]} 26. hxg3 {[%emt 1:09:47]} Kg4 {[%emt 0:56:27]} 27. Re1 {[%emt 0:56:27]} Nf5 {[%emt 0:56:08]} 28. Rxe6 {[%emt 0:37:55]} Kxg3 {[%emt 0:37:55]} 29. Be5 {[%emt 0:51:06]} Rg8 {[%emt 0:49:40]} 30. Rxc6 {[%emt 0:49:40]} h4 {[%emt 0:49:13]} 31. Rf6 {[%emt 0:49:13]} Kg4 {[%emt 0:33:51]} 32. Ra6 {[%emt 0:48:38]} h3 {[%emt 0:47:09]} 33. Rxa7 {[%emt 0:28:34]} Kg3 {[%emt 0:28:34]} 34. gxh3 {[%emt 0:27:56]} Kf3+ {[%emt 0:46:38]} 35. Kh1 {[%emt 0:46:38]} Rg2 {[%emt 0:45:31]} 36. Rg7 {[%emt 0:45:31]} Nxg7 {[%emt 0:45:22]} 37. Bxg7 Rxg7 {[%emt 0:16:59]} 38. f5 {[%emt 0:45:20]} Kg3 {[%emt 0:16:28]} 39. Kg1 {[%emt 0:16:08]} Rf7 {[%emt 0:43:16]} 40. Kf1 {[%emt 0:43:16]} Rxf5+ {[%emt 0:42:50]} 41. Ke2 {[%emt 0:42:50]} Rf4 {[%emt 0:42:33]} 42. Kd2 {[%emt 0:15:00]} Kxh3 {[%emt 0:15:00]} 43. Kc1 {[%emt 0:14:56]} Kg3 {[%emt 0:14:56]} 44. Kb2 {[%emt 0:14:47]} Kf3 {[%emt 0:14:47]} 45. Kb3 {[%emt 0:14:42]} Ke3 {[%emt 0:40:54]} 46. a4 {[%emt 0:14:35]} Rc4 {[%emt 0:40:13]} 47. a5 {[%emt 0:14:21]} Kd2 {[%emt 0:40:07]} 48. a6 {[%emt 0:14:13]} Rc6 {[%emt 0:40:03]} 0-1

[Event "30th NATO Chess-ch 2019"]
[Site "Berlin"]
[Date "2019.09.17"]
[Round "3.18"]
[White "Onley, David E"]
[Black "Pirs, Matjaz"]
[Result "1-0"]
[WhiteElo "2103"]
[BlackElo "2203"]
[Annotator "NA"]
[PlyCount "71"]
[EventDate "2019.09.16"]
[EventType "swiss"]
[EventCountry "GER"]
[SourceTitle "playchess.com"]
[Source "ChessBase"]
[SourceQuality "1"]
[TimeControl "40/7200:1800"]

1. e4 {[%emt 1:59:57]} d5 {[%emt 1:58:10]} 2. exd5 {[%emt 1:59:45]} Nf6 {[%emt 1:59:45]} 3. Nc3 {[%emt 1:59:26]} Nxd5 {[%emt 1:57:37]} 4. Bc4 {[%emt 1:57:37]} Nb6 {[%emt 1:57:28]} 5. Bb3 {[%emt 1:58:41]} Nc6 {[%emt 1:58:41]} 6. Nf3 {[%emt 1:56:07]} Bf5 {[%emt 1:51:26]} 7. a4 {[%emt 1:54:45]} a5 {[%emt 1:45:17]} 8. O-O {[%emt 1:53:58]} e6 {[%emt 1:44:47]} 9. h3 {[%emt 1:44:47]} Be7 {[%emt 1:47:46]} 10. d3 {[%emt 1:43:59]} O-O {[%emt 1:46:42]} 11. Re1 {[%emt 1:43:29]} Nb4 {[%emt 1:35:59]} 12. Ne4 {[%emt 1:34:02]} N4d5 {[%emt 1:33:24]} 13. Ne5 {[%emt 1:30:50]} Nd7 {[%emt 1:30:50]} 14. Ng3 {[%emt 1:27:40]} Nxe5 {[%emt 1:27:40]} 15. Nxf5 {[%emt 1:24:01]} Bf6 {[%emt 1:24:01]} 16. Ne3 {[%emt 1:25:42]} c5 {[%emt 1:15:04]} 17. Ng4 {[%emt 1:16:49]} Nxg4 {[%emt 1:14:33]} 18. Qxg4 {[%emt 1:16:27]} g6 {[%emt 1:14:15]} 19. c3 {[%emt 1:06:16]} Qb6 {[%emt 1:06:16]} 20. Bc4 {[%emt 1:11:03]} Bg7 {[%emt 1:09:22]} 21. Qf3 {[%emt 1:01:36]} Rad8 {[%emt 1:01:36]} 22. Bg5 {[%emt 0:59:38]} Rd6 {[%emt 0:57:13]} 23. Re2 {[%emt 0:55:55]} Rc8 {[%emt 0:55:55]} 24. Rae1 {[%emt 0:55:02]} h6 {[%emt 0:38:49]} 25. Bh4 {[%emt 0:54:13]} Rd7 {[%emt 0:33:26]} 26. Qg4 {[%emt 0:45:20]} h5 {[%emt 0:26:24]} 27. Qf3 {[%emt 0:26:24]} Nc7 {[%emt 0:24:43]} 28. g4 {[%emt 0:24:43]} hxg4 {[%emt 0:24:18]} 29. Qxg4 {[%emt 0:36:20]} Re8 {[%emt 0:36:20]} 30. Bg3 {[%emt 0:33:52]} Rde7 {[%emt 0:33:52]} 31. h4 {[%emt 0:31:58]} e5 {[%emt 0:31:58]} 32. h5 {[%emt 0:15:01]} gxh5 {[%emt 0:13:49]} 33. Qxh5 {[%emt 0:13:49]} Ne6 {[%emt 0:29:40]} 34. Bxe5 {[%emt 0:24:34]} Bxe5 {[%emt 0:10:39]} 35. Rxe5 {[%emt 0:19:48]} Ng7 {[%emt 0:10:31]} 36. Bxf7+ {[%emt 0:15:28]} 1-0

[Event "30th NATO Chess-ch 2019"]
[Site "Berlin"]
[Date "2019.09.17"]
[Round "3.19"]
[White "Casteleijn, Diederick"]
[Black "Abbate, Giovanni"]
[Result "1-0"]
[WhiteElo "2079"]
[BlackElo "1600"]
[Annotator "NA"]
[PlyCount "129"]
[EventDate "2019.09.16"]
[EventType "swiss"]
[EventCountry "GER"]
[SourceTitle "playchess.com"]
[Source "ChessBase"]
[SourceQuality "1"]
[TimeControl "40/7200:1800"]

1. e4 {[%emt 1:59:47]} c6 {[%emt 1:59:47]} 2. Ne2 {[%emt 1:57:50]} d6 {[%emt 1:57:50]} 3. g3 {[%emt 1:57:30]} g6 {[%emt 1:58:04]} 4. Bg2 {[%emt 1:57:11]} Bg7 {[%emt 1:57:56]} 5. O-O {[%emt 1:57:56]} Nf6 {[%emt 1:57:45]} 6. d4 {[%emt 1:53:29]} O-O {[%emt 1:57:12]} 7. c3 {[%emt 1:52:28]} b5 {[%emt 1:52:28]} 8. h3 {[%emt 1:56:04]} Bb7 {[%emt 1:53:09]} 9. Bg5 {[%emt 1:53:09]} h6 {[%emt 1:49:13]} 10. Be3 {[%emt 1:51:21]} Nbd7 {[%emt 1:48:56]} 11. g4 {[%emt 1:47:55]} Qc7 {[%emt 1:47:55]} 12. Ng3 {[%emt 1:43:33]} Nb6 {[%emt 1:41:58]} 13. Na3 {[%emt 1:41:58]} Rad8 {[%emt 1:34:41]} 14. Qd2 {[%emt 1:31:41]} Kh7 {[%emt 1:39:23]} 15. f4 {[%emt 1:39:23]} e6 {[%emt 1:30:57]} 16. g5 {[%emt 1:32:36]} Ng8 {[%emt 1:23:55]} 17. h4 {[%emt 1:20:25]} a6 {[%emt 1:22:35]} 18. f5 {[%emt 1:22:35]} exf5 {[%emt 1:18:31]} 19. exf5 {[%emt 1:18:21]} gxf5 {[%emt 0:54:29]} 20. Nxf5 {[%emt 0:54:29]} hxg5 {[%emt 1:14:48]} 21. hxg5 {[%emt 1:11:02]} Ne7 {[%emt 1:11:02]} 22. Be4 {[%emt 0:44:54]} Ng6 {[%emt 0:36:39]} 23. Qh2+ {[%emt 0:36:39]} Kg8 {[%emt 0:35:59]} 24. Nxg7 {[%emt 0:32:04]} Kxg7 {[%emt 0:32:04]} 25. Qh6+ {[%emt 0:35:38]} Kg8 {[%emt 0:35:01]} 26. Rf3 {[%emt 0:22:47]} Bc8 {[%emt 0:22:47]} 27. Raf1 {[%emt 0:31:56]} Qe7 {[%emt 0:17:32]} 28. Bxg6 {[%emt 0:16:07]} fxg6 {[%emt 0:30:00]} 29. Qxg6+ {[%emt 0:15:45]} Qg7 {[%emt 0:29:38]} 30. Rxf8+ {[%emt 0:29:38]} Rxf8 {[%emt 0:15:33]} 31. Rxf8+ {[%emt 0:29:24]} Kxf8 {[%emt 0:15:25]} 32. Qxd6+ {[%emt 0:15:17]} Qe7 {[%emt 0:27:58]} 33. Qh6+ {[%emt 0:27:58]} Kg8 {[%emt 0:27:25]} 34. Qg6+ {[%emt 0:12:44]} Kf8 {[%emt 0:12:44]} 35. Qh6+ {[%emt 0:12:40]} Kg8 {[%emt 0:12:40]} 36. Bf2 {[%emt 0:11:56]} Qd7 {[%emt 0:11:56]} 37. Qg6+ {[%emt 0:23:59]} Kf8 {[%emt 0:23:35]} 38. Qf6+ {[%emt 0:23:35]} Kg8 {[%emt 0:22:49]} 39. Qg6+ {[%emt 0:08:29]} Kf8 {[%emt 0:08:29]} 40. Qe4 {[%emt 0:22:43]} Qg4+ {[%emt 0:21:50]} 41. Qxg4 {[%emt 0:21:50]} Bxg4 {[%emt 0:21:41]} 42. Nc2 {[%emt 0:05:37]} Nd5 {[%emt 0:05:37]} 43. Kg2 {[%emt 0:02:09]} Kf7 {[%emt 0:20:20]} 44. Kg3 {[%emt 0:50:20]} Bf5 {[%emt 0:29:16]} 45. Ne3 {[%emt 0:22:55]} Nxe3 {[%emt 0:22:53]} 46. Bxe3 {[%emt 0:22:53]} Kg6 {[%emt 0:46:37]} 47. Kf4 {[%emt 0:46:37]} Bb1 {[%emt 0:46:12]} 48. a4 {[%emt 0:21:48]} bxa4 {[%emt 0:44:17]} 49. Ke5 {[%emt 0:44:17]} Ba2 {[%emt 0:21:34]} 50. Kd6 {[%emt 0:43:23]} Bd5 {[%emt 0:43:18]} 51. Kc5 {[%emt 0:43:18]} Kf5 {[%emt 0:42:40]} 52. c4 {[%emt 0:20:36]} Bf7 {[%emt 0:41:49]} 53. Kxc6 {[%emt 0:18:02]} Bxc4 {[%emt 0:41:32]} 54. d5 {[%emt 0:41:32]} Bb5+ {[%emt 0:17:35]} 55. Kc7 {[%emt 0:17:00]} Be8 {[%emt 0:38:14]} 56. Kd8 {[%emt 0:16:18]} Bb5 {[%emt 0:16:18]} 57. Ke7 {[%emt 0:15:49]} Ke5 {[%emt 0:15:49]} 58. d6 {[%emt 0:15:40]} Ke4 {[%emt 0:35:04]} 59. g6 {[%emt 0:35:04]} Kd3 {[%emt 0:14:25]} 60. Z0 Ke4 61. Z0 Kd3 62. Z0 Kxe3 63. g7 {[%emt 0:12:59]} Bc4 {[%emt 0:32:29]} 64. d7 {[%emt 0:12:40]} Ba2 {Ra5 Rc3 g8 Nc4} 65. Z0 {f4} 1-0

[Event "30th NATO Chess-ch 2019"]
[Site "Berlin"]
[Date "2019.09.17"]
[Round "3.20"]
[White "Ermalis, Rytis"]
[Black "Pedersen, Finn"]
[Result "0-1"]
[WhiteElo "1960"]
[BlackElo "2305"]
[Annotator "NA"]
[PlyCount "68"]
[EventDate "2019.09.16"]
[EventType "swiss"]
[EventCountry "GER"]
[SourceTitle "playchess.com"]
[Source "ChessBase"]
[SourceQuality "1"]
[TimeControl "40/7200:1800"]

1. c4 {[%emt 2:00:00]} c6 2. d4 {[%emt 1:59:49]} d5 {[%emt 1:59:46]} 3. cxd5 {[%emt 1:59:46]} cxd5 {[%emt 1:59:41]} 4. Bg5 {[%emt 1:59:09]} h6 {[%emt 1:59:09]} 5. Bh4 {[%emt 1:58:14]} Qb6 {[%emt 1:58:14]} 6. Qd2 {[%emt 1:55:36]} Bf5 {[%emt 1:55:36]} 7. Nc3 {[%emt 1:52:14]} e6 {[%emt 1:52:14]} 8. e3 {[%emt 1:51:41]} Nc6 {[%emt 1:51:51]} 9. Bd3 {[%emt 1:51:51]} Bxd3 {[%emt 1:49:50]} 10. Qxd3 {[%emt 1:44:13]} Nge7 {[%emt 1:44:13]} 11. Bxe7 {[%emt 1:46:58]} Bxe7 {[%emt 1:41:27]} 12. Nge2 {[%emt 1:41:11]} O-O {[%emt 1:41:11]} 13. O-O {[%emt 1:41:07]} Rfc8 {[%emt 1:41:07]} 14. Na4 {[%emt 1:28:21]} Qa5 {[%emt 1:41:53]} 15. Qb3 {[%emt 1:25:08]} Qa6 {[%emt 1:40:10]} 16. Nf4 {[%emt 1:19:06]} Na5 {[%emt 1:19:06]} 17. Qd3 {[%emt 1:23:01]} Qc4 {[%emt 1:14:33]} 18. Nc3 {[%emt 1:03:46]} Qb4 {[%emt 1:03:46]} 19. Qe2 {[%emt 0:58:30]} Nc4 {[%emt 0:58:30]} 20. Nd3 {[%emt 1:18:44]} Qa5 {[%emt 0:58:15]} 21. b3 {[%emt 1:18:24]} Qxc3 {[%emt 1:15:34]} 22. bxc4 {[%emt 0:38:28]} Qxc4 {[%emt 1:15:17]} 23. Rfc1 {[%emt 0:35:20]} Qa6 {[%emt 0:35:20]} 24. Qd1 {[%emt 0:32:46]} Ba3 {[%emt 0:32:46]} 25. Rxc8+ {[%emt 0:30:30]} Rxc8 {[%emt 0:30:30]} 26. Ne5 {[%emt 1:10:29]} Bb2 {[%emt 1:09:09]} 27. Qh5 {[%emt 1:09:09]} Bxa1 {[%emt 1:05:45]} 28. Qxf7+ {[%emt 1:05:45]} Kh8 {[%emt 0:28:22]} 29. h4 {[%emt 0:24:59]} Qd6 {[%emt 1:00:42]} 30. h5 {[%emt 0:20:19]} Bc3 {[%emt 0:57:28]} 31. Ng6+ {[%emt 0:15:34]} Kh7 {[%emt 0:57:09]} 32. Ne7 {[%emt 0:57:09]} Qd7 {[%emt 0:54:40]} 33. Qg6+ {[%emt 0:12:15]} Kh8 {[%emt 0:54:33]} 34. Nxc8 {[%emt 0:12:02]} Qxc8 {[%emt 0:54:27]} 0-1

[Event "30th NATO Chess-ch 2019"]
[Site "Berlin"]
[Date "2019.09.17"]
[Round "3.22"]
[White "Wantiez, Fabrice"]
[Black "Wang, Eigen"]
[Result "1-0"]
[WhiteElo "2225"]
[BlackElo "2193"]
[Annotator "NA"]
[PlyCount "111"]
[EventDate "2019.09.16"]
[EventType "swiss"]
[EventCountry "GER"]
[SourceTitle "playchess.com"]
[Source "ChessBase"]
[SourceQuality "1"]
[TimeControl "40/7200:1800"]

1. e4 {[%emt 2:00:00]} c6 {[%emt 1:59:51]} 2. d4 {[%emt 1:59:51]} d5 {[%emt 1:59:32]} 3. Nc3 {[%emt 1:59:45]} dxe4 {[%emt 1:59:01]} 4. Nxe4 {[%emt 1:59:01]} Bf5 {[%emt 1:59:37]} 5. Nc5 {[%emt 1:59:31]} Qc7 {[%emt 1:59:31]} 6. Nf3 {[%emt 1:57:12]} e6 {[%emt 1:46:38]} 7. Bd3 {[%emt 1:46:38]} Bxc5 {[%emt 1:55:29]} 8. Bxf5 {[%emt 1:55:21]} Bb4+ {[%emt 1:55:21]} 9. c3 {[%emt 1:55:14]} exf5 {[%emt 1:35:17]} 10. cxb4 {[%emt 1:55:09]} Qe7+ {[%emt 1:55:09]} 11. Kf1 {[%emt 1:33:27]} Nd7 {[%emt 1:30:04]} 12. Bg5 {[%emt 1:30:04]} f6 {[%emt 1:24:26]} 13. Qb3 {[%emt 1:43:53]} Qf7 {[%emt 1:22:00]} 14. Re1+ {[%emt 1:42:26]} Ne7 {[%emt 1:21:09]} 15. d5 {[%emt 1:40:24]} O-O {[%emt 1:10:45]} 16. dxc6 {[%emt 1:38:58]} Qxb3 {[%emt 1:10:10]} 17. axb3 {[%emt 1:38:54]} Nxc6 {[%emt 1:38:54]} 18. Bd2 {[%emt 1:38:48]} Rfe8 {[%emt 1:08:01]} 19. b5 {[%emt 1:08:01]} Nce5 {[%emt 1:06:36]} 20. Nd4 {[%emt 1:35:50]} g6 {[%emt 1:35:50]} 21. g3 {[%emt 1:34:16]} Nc5 {[%emt 1:01:04]} 22. f3 {[%emt 1:31:35]} Ned3 {[%emt 0:52:46]} 23. Rb1 {[%emt 1:27:54]} Rad8 {[%emt 0:49:49]} 24. Bc3 {[%emt 1:27:39]} Re3 {[%emt 1:27:39]} 25. Kg2 {[%emt 1:27:07]} Rde8 {[%emt 0:31:45]} 26. Rhd1 {[%emt 1:25:52]} Ne6 {[%emt 0:26:39]} 27. Kg1 {[%emt 0:26:39]} Kf7 {[%emt 0:16:25]} 28. Ra1 {[%emt 1:10:16]} Nxd4 {[%emt 1:10:16]} 29. Bxd4 {[%emt 1:10:10]} Re1+ {[%emt 0:15:11]} 30. Rxe1 {[%emt 1:10:06]} Rxe1+ {[%emt 0:15:04]} 31. Rxe1 {[%emt 1:10:03]} Nxe1 {[%emt 0:14:56]} 32. Kf2 {[%emt 1:09:44]} Nd3+ {[%emt 0:14:49]} 33. Ke3 {[%emt 1:09:02]} Nc1 {[%emt 0:13:34]} 34. Bxa7 {[%emt 1:08:44]} Nxb3 {[%emt 0:12:57]} 35. Kd3 {[%emt 0:12:57]} Ke6 {[%emt 1:07:39]} 36. Kc3 {[%emt 1:03:08]} Nc1 {[%emt 1:03:08]} 37. Be3 {[%emt 0:03:28]} Ne2+ {[%emt 0:02:07]} 38. Kd3 {[%emt 1:02:03]} f4 {[%emt 0:01:23]} 39. gxf4 {[%emt 1:01:45]} Nxf4+ {[%emt 0:01:05]} 40. Bxf4 {[%emt 1:01:40]} Kd5 {[%emt 0:00:38]} 41. b4 {[%emt 1:01:11]} g5 {[%emt 0:29:29]} 42. Bc7 {[%emt 1:30:32]} h6 {[%emt 0:28:41]} 43. Bb8 {[%emt 1:28:00]} f5 {[%emt 0:27:31]} 44. Bc7 {[%emt 1:27:43]} f4 {[%emt 1:27:43]} 45. Bd8 {[%emt 0:25:27]} Ke5 {[%emt 0:24:03]} 46. Kc4 {[%emt 1:25:46]} g4 {[%emt 1:25:46]} 47. fxg4 {[%emt 1:25:41]} f3 {[%emt 0:23:05]} 48. Bh4 {[%emt 0:23:05]} Ke4 {[%emt 0:20:41]} 49. Bf2 {[%emt 0:20:41]} Kf4 {[%emt 0:20:14]} 50. h3 {[%emt 1:24:42]} Ke4 {[%emt 0:20:07]} 51. Kc5 {[%emt 0:20:07]} Kd3 {[%emt 0:20:00]} 52. Kb6 {[%emt 0:20:00]} Kc4 {[%emt 1:24:28]} 53. Bc5 {[%emt 1:24:07]} f2 {[%emt 0:17:35]} 54. Bxf2 {[%emt 1:24:02]} Kxb4 {[%emt 0:17:33]} 55. Bc5+ {[%emt 1:23:47]} Kc4 {[%emt 0:17:28]} 56. Bf8 {[%emt 0:17:28]} 1-0

[Event "30th NATO Chess-ch 2019"]
[Site "Berlin"]
[Date "2019.09.17"]
[Round "3.23"]
[White "Valeinis, Janis"]
[Black "Middaugh, Jon S"]
[Result "1-0"]
[WhiteElo "2206"]
[BlackElo "1918"]
[Annotator "ChessBase"]
[PlyCount "149"]
[EventDate "2019.09.16"]
[EventType "swiss"]
[EventCountry "GER"]
[SourceTitle "playchess.com"]
[Source "ChessBase"]
[SourceQuality "1"]
[TimeControl "40/7200:1800"]

1. d4 {[%emt 2:00:00]} Nf6 {[%emt 1:59:56]} 2. Nc3 {[%emt 1:59:52]} d5 3. Bf4 {[%emt 1:59:48]} e6 {[%emt 1:58:50]} 4. e3 {[%emt 1:59:39]} Bd6 {[%emt 1:58:08]} 5. Nf3 {[%emt 1:59:29]} O-O {[%emt 1:57:19]} 6. Bd3 {[%emt 1:59:22]} Bxf4 {[%emt 1:54:23]} 7. exf4 {[%emt 1:54:23]} c5 {[%emt 1:53:45]} 8. dxc5 {[%emt 1:58:54]} Qc7 {[%emt 1:52:22]} 9. Qd2 {[%emt 1:52:22]} Na6 {[%emt 1:50:03]} 10. Nb5 {[%emt 1:43:09]} Qxc5 {[%emt 1:49:21]} 11. c3 {[%emt 1:41:32]} Bd7 {[%emt 1:41:21]} 12. Nbd4 {[%emt 1:41:28]} Qc7 {[%emt 1:41:28]} 13. Ne5 {[%emt 1:38:49]} Nc5 {[%emt 1:39:17]} 14. Bc2 {[%emt 1:37:09]} Nfe4 {[%emt 1:34:41]} 15. Qe3 {[%emt 1:34:41]} Nd6 {[%emt 1:37:48]} 16. O-O {[%emt 1:35:00]} Ba4 {[%emt 1:35:00]} 17. b4 {[%emt 1:33:03]} Bxc2 {[%emt 1:19:17]} 18. bxc5 {[%emt 1:32:05]} Nf5 {[%emt 1:18:15]} 19. Qd2 {[%emt 1:31:15]} Ba4 {[%emt 1:31:15]} 20. Nxf5 {[%emt 1:30:52]} exf5 {[%emt 1:30:52]} 21. Qxd5 {[%emt 1:30:15]} Rfd8 {[%emt 1:30:15]} 22. Qc4 {[%emt 1:11:28]} Be8 {[%emt 1:26:00]} 23. Rfd1 {[%emt 1:21:47]} Rac8 {[%emt 1:21:47]} 24. Rd4 {[%emt 1:18:13]} Kf8 {[%emt 0:52:40]} 25. Qb4 {[%emt 0:53:09]} a5 {[%emt 0:46:55]} 26. Qa3 {[%emt 0:46:55]} f6 {[%emt 0:41:25]} 27. c6+ {[%emt 0:50:40]} Kg8 {[%emt 0:40:55]} 28. Qb3+ {[%emt 0:50:27]} Kh8 {[%emt 0:38:28]} 29. cxb7 {[%emt 0:50:06]} Rb8 {[%emt 0:36:35]} 30. Rxd8 {[%emt 0:49:19]} Rxd8 {[%emt 0:34:10]} 31. Nf3 {[%emt 0:33:57]} Bf7 {[%emt 0:32:57]} 32. Qb5 {[%emt 0:28:37]} Bc4 {[%emt 0:28:37]} 33. Qxf5 {[%emt 0:25:06]} Bxa2 {[%emt 0:28:46]} 34. h3 {[%emt 0:28:46]} Bd5 {[%emt 0:23:31]} 35. Nh4 {[%emt 0:26:50]} Qxb7 {[%emt 0:20:08]} 36. Rxa5 {[%emt 0:14:34]} Be4 {[%emt 0:15:04]} 37. Qc5 {[%emt 0:12:12]} Qb8 {[%emt 0:12:12]} 38. Qe3 {[%emt 0:11:41]} Re8 {[%emt 0:10:13]} 39. Qg3 {[%emt 0:07:17]} Qb1+ {[%emt 0:07:17]} 40. Kh2 {[%emt 0:08:15]} Bc2 {[%emt 0:07:12]} 41. Ra7 {[%emt 0:02:57]} g6 {[%emt 0:02:57]} 42. Nf3 {[%emt 0:26:36]} Qb6 {[%emt 0:26:36]} 43. Ra1 {[%emt 0:34:22]} Qc7 {[%emt 0:25:39]} 44. Re1 {[%emt 0:32:03]} Rc8 {[%emt 0:29:17]} 45. Nd4 {[%emt 0:29:17]} Ba4 {[%emt 0:24:09]} 46. Re3 {[%emt 0:23:34]} Re8 {[%emt 0:23:34]} 47. h4 {[%emt 0:20:58]} Rxe3 {[%emt 0:19:30]} 48. Qxe3 {[%emt 0:20:55]} Qd6 {[%emt 0:20:55]} 49. Kg1 {[%emt 0:19:54]} Bd7 {[%emt 0:18:25]} 50. Qe4 {[%emt 0:18:25]} Kg7 {[%emt 0:17:35]} 51. f3 {[%emt 0:15:16]} Kf7 {[%emt 0:15:16]} 52. g4 {[%emt 0:14:37]} Qc5 {[%emt 0:14:37]} 53. Qe3 {[%emt 0:16:04]} Qa7 {[%emt 0:14:25]} 54. Kf2 {[%emt 0:14:53]} Qc7 {[%emt 0:14:06]} 55. g5 {[%emt 0:12:54]} Qd6 {[%emt 0:13:24]} 56. Kg3 {[%emt 0:13:08]} Bc8 {[%emt 0:13:08]} 57. Nb5 {[%emt 0:11:44]} Qe7 {[%emt 0:09:37]} 58. Qd2 {[%emt 0:09:44]} Kf8 {[%emt 0:08:46]} 59. Nd6 {[%emt 0:07:29]} Bd7 {[%emt 0:07:45]} 60. Ne4 {[%emt 0:07:45]} fxg5 {[%emt 0:05:38]} 61. fxg5 {[%emt 0:06:24]} Qe5+ {[%emt 0:05:11]} 62. Qf4+ {[%emt 0:05:03]} Qxf4+ {[%emt 0:05:21]} 63. Kxf4 {[%emt 0:05:21]} Bc6 {[%emt 0:05:14]} 64. Ke5 {[%emt 0:04:51]} Ke7 {[%emt 0:05:00]} 65. f4 {[%emt 0:05:00]} Bb7 {[%emt 0:04:39]} 66. Nf6 {[%emt 0:04:29]} Ba6 {[%emt 0:04:26]} 67. Nxh7 {[%emt 0:04:26]} Bd3 {[%emt 0:04:22]} 68. Nf6 {[%emt 0:04:13]} Bb1 {[%emt 0:04:13]} 69. c4 {[%emt 0:04:07]} Bd3 {[%emt 0:04:07]} 70. c5 {[%emt 0:04:05]} Be2 {[%emt 0:04:05]} 71. f5 {[%emt 0:03:27]} Bd3 {[%emt 0:03:54]} 72. fxg6 {[%emt 0:03:23]} Bxg6 73. h5 {[%emt 0:03:51]} Bf7 {[%emt 0:03:18]} 74. g6 {[%emt 0:03:13]} Z0 75. Ke4 1-0

[Event "30th NATO Chess-ch 2019"]
[Site "Berlin"]
[Date "2019.09.17"]
[Round "3.24"]
[White "De Cat, Ben"]
[Black "Andersen, Hans-Christoph"]
[Result "0-1"]
[WhiteElo "1891"]
[BlackElo "2201"]
[Annotator "NA"]
[PlyCount "55"]
[EventDate "2019.09.16"]
[EventType "swiss"]
[EventCountry "GER"]
[SourceTitle "playchess.com"]
[Source "ChessBase"]
[SourceQuality "1"]
[TimeControl "40/7200:1800"]

1. d4 {[%emt 1:58:57]} f5 {[%emt 1:59:31]} 2. g4 {[%emt 1:58:06]} d5 {[%emt 1:58:06]} 3. g5 {[%emt 1:59:17]} c5 {[%emt 1:57:34]} 4. Bg2 {[%emt 1:57:34]} Nc6 {[%emt 1:44:37]} 5. dxc5 {[%emt 1:52:54]} e6 {[%emt 1:43:39]} 6. c4 {[%emt 1:49:59]} d4 {[%emt 1:33:12]} 7. f4 {[%emt 1:33:12]} Bxc5 {[%emt 1:32:35]} 8. a3 {[%emt 1:32:35]} a5 {[%emt 1:45:05]} 9. Nh3 {[%emt 1:38:31]} h6 {[%emt 1:19:44]} 10. e4 {[%emt 1:19:44]} dxe3 11. Qxd8+ {[%emt 1:31:21]} Kxd8 {[%emt 1:16:13]} 12. Bxc6 bxc6 13. Nc3 {[%emt 1:30:14]} Ba6 {[%emt 0:43:38]} 14. b3 {[%emt 1:18:39]} Rb8 {[%emt 1:18:39]} 15. Bb2 {[%emt 1:14:23]} Rxb3 {[%emt 0:33:47]} 16. Na4 {[%emt 1:11:14]} Bf8 {[%emt 1:11:14]} 17. O-O-O+ {[%emt 1:07:49]} Ke8 {[%emt 0:19:10]} 18. Rd4 {[%emt 0:19:10]} c5 {[%emt 0:17:47]} 19. Rdd1 {[%emt 0:56:31]} e2 {[%emt 0:16:59]} 20. Rde1 {[%emt 0:55:28]} Rxh3 {[%emt 0:55:28]} 21. Rxe2 {[%emt 0:16:35]} Bxc4 {[%emt 0:15:30]} 22. Rd2 {[%emt 0:15:30]} hxg5 {[%emt 0:53:11]} 23. Rhd1 {[%emt 0:13:19]} Be7 {[%emt 0:11:06]} 24. Nb6 {[%emt 0:11:06]} Bb3 {[%emt 0:10:13]} 25. Re1 {[%emt 0:48:21]} Rxh2 {[%emt 0:08:34]} 26. Rd3 {[%emt 0:47:44]} Rh1 {[%emt 0:47:44]} 27. Rxh1 {[%emt 0:07:49]} Rxh1+ {[%emt 3:05:05]} 28. Kd2 {[%emt 0:07:39]} 0-1